Statystyki dla 15 najpopularniejszych utworów Kaliego

Kliknij tutaj aby rozwiązać quiz!

Ogólne statystyki

  • Ten quiz został rozwiązany 16 razy
  • Średni wynik to 6 z 15

Statystyki odpowiedzi

Rok wydaniaTytuł% Poprawnych
201830 KMH
71%
2015Mój ziomek
57%
2018Opary
57%
2018Pacyfka
57%
2018Piraci
57%
2013Gdy ujrzałem drogę
43%
2013Pole Marysi
43%
2012Tu gdzie żyjemy
43%
2020California
29%
2014Dobre Geesy
29%
2014Panta Rhei
29%
2017Zwierciadło
29%
2020Mona Lisa
14%
2017Sól
14%
2013Wspólny lot
14%

Rozkład punktacji

Percentyl według liczby udzielonych odpowiedzi

Procent ludzi z każdym wynikiem

Twoja historia wyników

Nie rozwiązałeś tego quizu